Pakistan main tarqqiyati mansubah bandi (Record no. 7101)

000 -LEADER
fixed length control field 00449 a2200145 4500
020 ## - INTERNATIONAL STANDARD BOOK NUMBER
International Standard Book Number 9694742153
082 ## - DEWEY DECIMAL CLASSIFICATION NUMBER
Classification number 307.15491
090 ## - LOCALLY ASSIGNED LC-TYPE CALL NUMBER (OCLC); LOCAL CALL NUMBER (RLIN)
-- 3186
-- 3186
100 ## - MAIN ENTRY--PERSONAL NAME
Personal name Kambow, Allah Rakha Saghir
245 ## - TITLE STATEMENT
Title Pakistan main tarqqiyati mansubah bandi
Statement of responsibility, etc. Allah Rakha Saghir, Kambow.
260 ## - PUBLICATION, DISTRIBUTION, ETC.
Place of publication, distribution, etc. Islamabad:
Name of publisher, distributor, etc. Muqtedara Qomi Zuban,
Date of publication, distribution, etc. 1998.
300 ## - PHYSICAL DESCRIPTION
Extent 344 p. ;
Dimensions 24 cm.
500 ## - GENERAL NOTE
General note Includes bibliographical references and index
942 ## - ADDED ENTRY ELEMENTS (KOHA)
Koha item type Book
Call number prefix 307.15491 KAM
Holdings
Withdrawn status Lost status Damaged status Not for loan Collection code Permanent Location Current Location Shelving location Date acquired Source of acquisition Cost, normal purchase price Total Checkouts Full call number Barcode Date last seen Price effective from Koha item type
          Central Library (CL) Central Library (CL) General Stacks 08/23/2002 National Language Authority 105.00   307.15491 KAM SEECS002270 11/14/2012 01/05/2017 Book
© 2023 Central Library, National University of Sciences and Technology. All Rights Reserved.